000 00571nam a2200205Ia 4500
003 OSt
005 20230421115047.0
008 210423s2004 xx 000 0 und d
020 _a9780070587182
040 _cAL
041 _aeng
082 _a511.5
_223
_bBALV
100 _aBALAKRISHNAN(V k).
_991520
245 _aSchaums outline of theory and problems of graph theory.
260 _aNew Delhi
_bTata McGraw-hill
_c2004
300 _aviii,293
_bPB
365 _b375
_cINR
906 _agraph ; outline ; problems ; Schaums ; theory ; theory.
942 _2ddc
_cBK
999 _c160862
_d160862